00915nam a2200121 4500008004100000100002400041245005000065260000900115300001500124520062200139700002000761773001200781190429b ||||| |||| 00| 0 eng d aAydinonat, N. Emrah aThree conceptions of a theory of institutions c2018 ap.550-568. aWe compare Guala’s unified theory of institutions with that of Searle and Greif. We show that unification can be many things and it may be associated with diverse explanatory goals. We also highlight some of the important shortcomings of Guala’s account: it does not capture all social institutions, its ability to bridge social ontology and game theory is based on a problematic interpretation of the type-token distinction, and its ability to make social ontology useful for social sciences is hindered by Guala’s interpretation of social institution types as social kinds akin to natural kinds. - Reproduced. aYlikpski, Petri aVikalpa